| 000 | 01072nam a22003258i 4500 | ||
|---|---|---|---|
| 001 | 021633078 | ||
| 003 | EG-ScBUE | ||
| 005 | 20260210093431.0 | ||
| 008 | 250618s2026 enka f b 001 0 eng d | ||
| 020 | _a9781032841182 | ||
| 040 |
_aStDuBDS _beng _erda _cStDuBDS _dEG-ScBUE |
||
| 082 | 0 | 4 |
_a721.04 _222 _bBES |
| 100 | 1 |
_aBestul, Bailey, _eauthor. |
|
| 245 | 1 | 0 |
_aReuse of architectural components / _cBailey Bestul. |
| 264 | 1 |
_aLondon : _bRoutledge, _c2026. |
|
| 300 |
_a240 pages : _billustrations (colour) ; _c25 cm |
||
| 336 |
_atext _2rdacontent _btxt |
||
| 336 |
_astill image _2rdacontent _btxt |
||
| 337 |
_aunmediated _2rdamedia _bn |
||
| 338 |
_avolume _2rdacarrier _bnc |
||
| 504 | _aIncludes bibliographical references and index. | ||
| 650 | 7 |
_aArchitectural design. _2BUEsh |
|
| 650 | 7 |
_aBuilding materials _xRecycling. _2BUEsh |
|
| 650 | 7 |
_aBuildings _xSalvaging. _2BUEsh |
|
| 650 | 7 |
_aConstruction and demolition debris _xRecycling. _2BUEsh |
|
| 653 |
_cFebruary2026 _bENGARC |
||
| 655 | _vReading book | ||
| 942 |
_2ddc _cBB |
||
| 999 |
_c31099 _d31070 |
||